| 000 | 01004nam a2200241Ia 4500 | ||
|---|---|---|---|
| 003 | OSt | ||
| 005 | 20220923223329.0 | ||
| 006 | a|||||r|||| 00| 0 | ||
| 007 | ta | ||
| 008 | 220922b |||||||| |||| 00| 0 hin d | ||
| 024 | _a213,583 | ||
| 037 | _cTextual | ||
| 040 |
_aARTS _cARTS _bhin |
||
| 041 |
_2hin _ahin |
||
| 082 | _aO152,3M80,58:g, J9 | ||
| 100 | _aटंडन, प्रेम नारायण | ||
| 245 | 0 |
_aनिर्मला _b एक अध्ययन प्रेमचन्द जी के सुसंगठित उपन्यास का आलोचनात्मक अध्ययन |
|
| 246 | _aNirmalā: ek adhyayan premachanda jī ke susangaṭhit upanyās kā ālochanātmak adhyayana | ||
| 260 |
_aलखनऊ _b हिन्दी साहित्य भन्डार _c1959 |
||
| 300 |
_a104 पृ. _ccm. |
||
| 942 |
_hO152,3M80,58:g, J9 _cTEXL _2CC |
||
| 999 |
_c363791 _d363791 |
||